000 02890nam a22002777a 4500
003 NALT
005 20220110154413.0
008 s2548 th tha d
020 _a9749528115
040 _aNALT
041 _atha
050 _aDS 581
_bจ196พ 2548
100 0 _aทิพากรวงศมหาโกษาธิบดี, เจ้าพระยา (ขำ บุนนาค)
110 0 _aคณะกรรมการอำนวยการจัดงานเฉลิมพระเกียรติ พระบาทสมเด็จพระจอมเกล้าเจ้าอยู่หัว
245 1 0 _aพระราชพงศาวดารกรุงรัตนโกสินทร์ รัชกาลที่ 4 ของเจ้าพระยาทิพากรวงศมหาโกษาธิบดี /
_cเจ้าพระยาทิพากรวงศมหาโกษาธิบดี ; คณะกรรมการอำนวยการจัดงานเฉลิมพระเกียรติ พระบาทสมเด็จพระจอมเกล้าเจ้าอยู่หัว.
260 _aกรุงเทพฯ :
_bอมรินทร์พริ้นติ้งแอนด์พับลิชชิ่ง,
_c2548
300 _a352 หน้า :
_bภาพประกอบ ;
_c29 ซม.
610 _aคณะกรรมการอำนวยการจัดงานเฉลิมพระเกียรติ พระบาทสมเด็จพระจอมเกล้าเจ้าอยู่หัว
650 0 4 _aจอมเกล้าเจ้าอยู่หัว, พระบาทสมเด็จพระ -- พระราชกรณียกิจ
650 0 4 _aจอมเกล้าเจ้าอยู่หัว, พระบาทสมเด็จพระ -- พระราชประวัติ
650 0 4 _aทิพากรวงศมหาโกษาธิบดี, เจ้าพระยา (ขำ บุนนาค)
650 0 4 _aไทย -- ประวัติศาสตร์ -- กรุงรัตนโกสินทร์, รัชกาลที่ 4
650 0 4 _aไทย -- ประวัติศาสตร์ -- กรุงรัตนโกสินทร์, รัชกาลที่ 4ทิพากรวงศมหาโกษาธิบดี, เจ้าพระยา (ขำ บุนนาค)จอมเกล้าเจ้าอยู่หัว, พระบาทสมเด็จพระ -- พระราชประวัติจอมเกล้าเจ้าอยู่หัว, พระบาทสมเด็จพระ -- พระราชกรณียกิจ
850 _aNALT
942 _cGB
_2lcc
999 _c44995
_d44995
998 _j109
_k อารีรัตน์ วิชาช่าง